header

Tacitus, the epic successor (Record no. 209490)

MARC details
000 -LEADER
fixed length control field 01549nam a2200385Ia 4500
082 04 - DEWEY DECIMAL CLASSIFICATION NUMBER
Classification number 937/.07
100 1# - MAIN ENTRY--AUTHOR NAME
Personal name Joseph, Timothy A.
245 10 - TITLE STATEMENT
Title Tacitus, the epic successor
260 ## - PUBLICATION, DISTRIBUTION, ETC. (IMPRINT)
Place of publication Leiden ;
-- Boston :
Name of publisher Brill,
Year of publication 2012.
300 ## - PHYSICAL DESCRIPTION
Number of Pages xi, 215 p.
490 1# - SERIES STATEMENT
Series statement Mnemosyne supplements ;
650 #0 - SUBJECT ADDED ENTRY--TOPICAL TERM
Topical Term Classical literature
856 40 - ELECTRONIC LOCATION AND ACCESS
Uniform Resource Identifier http://site.ebrary.com/lib/rucke/Doc?id=10590561

No items available.

© 2026 Rongo University
Contact us: librarian | system librarian | Rongo university